000 00831cab a2200265 4500
001 ABS55300
008 090401t1996 xxu||||| |||| 00| 0 eng d
035 _a(Sirsi) u15574
041 _aeng
100 _aKey, T.
245 _aHow to understand the property cycle
260 _c1996
350 _a0
490 _aCSM (Chartered Surveyor Monthly)
_v5(9) June 1996, 38-39(2)
520 _aSummary of the first annual update to `Understanding the property cycle` (RICS 1994) which shows that the market has been through a mini-boom and slump during the last year.
650 _aDEVELOPMENT CYCLES
650 _aECONOMIC CYCLES
650 _aPROPERTY CYCLES
650 _aPROPERTY INVESTMENT
650 _aRENTS
650 _aYIELDS
690 _aPROPERTY-COMMERCIAL PROPERTY
942 _n0
948 _c04/03/1997
999 _c10229
_d10229